Vzťahy spolupráce medzi subjektmi cestovného ruchu v regióne
Vymedzenie pojmu kooperácia, pôvod pojmu. Vymedzenie pojmu "synergion". Región cestovného ruchu ako strategická interorganizačná sieť. Kooperácia v regióne. Strategická sieť ako sieť organizácií. Vzťahové správanie subjektov cestovného ruchu v regióne. Formy vzťahového správania. Neistoty vo vzťahu...
Salvato in:
| Autore principale: | |
|---|---|
| Natura: | Capitolo di libro |
| Lingua: | slovacco |
| Soggetti: | |
| Tags: |
Nessun Tag, puoi essere il primo ad aggiungerne!!
|
MARC
| LEADER | 00000naa$a2200000$$$4500 | ||
|---|---|---|---|
| 001 | 0012196 | ||
| 005 | 20240502071357.7 | ||
| 041 | 0 | |a slo | |
| 044 | |a SK | ||
| 245 | 1 | 0 | |a Vzťahy spolupráce medzi subjektmi cestovného ruchu v regióne |c aut. Anna Konečná |
| 520 | |a Vymedzenie pojmu kooperácia, pôvod pojmu. Vymedzenie pojmu "synergion". Región cestovného ruchu ako strategická interorganizačná sieť. Kooperácia v regióne. Strategická sieť ako sieť organizácií. Vzťahové správanie subjektov cestovného ruchu v regióne. Formy vzťahového správania. Neistoty vo vzťahu k správaniu kooperujúcich subjektov, oportunistické správanie partnerov. | ||
| 610 | 2 | 0 | |a kooperácia |
| 610 | 2 | 0 | |a ruch cestovný |
| 610 | 2 | 0 | |a regióny |
| 610 | 2 | 0 | |a zariadenia ubytovacie |
| 610 | 2 | 0 | |a pohostinstvo |
| 610 | 2 | 0 | |a hotely |
| 610 | 2 | 0 | |a reštaurácie |
| 610 | 2 | 0 | |a kancelárie cestovné |
| 610 | 2 | 0 | |a kancelárie turistické informačné |
| 610 | 2 | 0 | |a doprava verejná |
| 610 | 2 | 0 | |a zariadenia kultúrne |
| 610 | 2 | 0 | |a služby podnikateľské |
| 610 | 2 | 0 | |a služby |
| 610 | 2 | 0 | |a strediská ruchu cestovného |
| 610 | 2 | 0 | |a siete regionálne |
| 100 | 1 | |a Konečná, Anna, 1968- | |